00529nam a2200169Ia 450000500170000000800410001702000150005808200130007310000130008624500720009926000420017130000130021365000150022694200060024195200970024799900150034420250305004530.0240331s9999 xx 000 0 und d a9558033669 bGODa891 aGodare,Y 0aSofeege lokaya :bdharshanawdayae ithihasaya pilibanda nawakathawak aNugegodabVidarshana Publishersc2004 a609 p ., aPhilosophy cL 001040708LaWERCLbWERCLcSSCd2024-03-31l0o 809.3 GODp5575r2024-03-31w2024-03-31yL c5193d5193